000 00467nam a2200181Ia 4500
008 100917s9999 xx 000 0 und d
082 _b9032
100 _aबुवा. वि. आ.
245 _aपडल्या पडल्या
260 _b---
300 _a100
365 _b4
520 _aकथा
630 _aपडल्या पडल्या
650 _aकथा
730 _aपडल्या पडल्या
942 _cBOOK
999 _c614426
_d614423